00490nam a22001457a 4500041000800000082001700008100001100025245007700036260002300113300000800136650006200144942000700206952011400213999001700327 aENG a305.894bXAV aXavier aFrom hierarchy to equity : subaltern insights into Tamil cultural milieu aDelhibISPCKc2025 a233 aAnthropology and Sociology/Caste, Class and Dalit Studies cBK 00104070aHMIbHMIcGENd2025-10-03eDirectorg450.00l0o305.894 XAVp11004888r2025-10-03w2025-10-03yBK c23601d23601